[Event "Verbandsliga MVP 2013-14"]
[Site "MVP"]
[Date "2013.11.10"]
[Round "2.5"]
[White "Roehl, Rainer"]
[Black "Mangold, Thomas"]
[Result "1/2-1/2"]
[WhiteElo "2031"]
[BlackElo "1896"]
[PlyCount "67"]
[EventDate "2013.??.??"]
[EventType "team-tourn"]
[EventRounds "9"]
[EventCountry "GER"]
[SourceDate "2013.10.20"]
[WhiteTeam "SF Schwerin II"]
[BlackTeam "SSC Rostock 07 II"]
[WhiteTeamCountry "GER"]
[BlackTeamCountry "GER"]

1. d4 Nf6 2. Nf3 g6 3. Nc3 Bg7 4. Bf4 d6 5. Qd2 O-O 6. Bh6 Nbd7 7. Bxg7 Kxg7 8.
h4 h5 9. e4 c5 10. d5 a6 11. Ng5 Ne5 12. O-O-O Qa5 13. Kb1 b5 14. Re1 Qc7 15.
f4 Neg4 16. Be2 Rb8 17. Rhf1 b4 18. Nd1 c4 19. Qd4 b3 20. Bxg4 bxc2+ 21. Kxc2
Bxg4 22. e5 Bf5+ 23. Kc1 dxe5 24. fxe5 Ng4 25. Ne3 Nxe3 26. Rxe3 Qb6 27. Qc3
Qb4 28. Rf4 Qxc3+ 29. Rxc3 Rb5 30. Rd4 Rfb8 31. b3 cxb3 32. axb3 Rxb3 33. Rxb3
Rxb3 34. d6 1/2-1/2

[Event "Verbandsliga MVP 2013-14"]
[Site "MVP"]
[Date "2013.11.10"]
[Round "2.6"]
[White "Celmer, Ole"]
[Black "Wagner, Ralph"]
[Result "0-1"]
[WhiteElo "1915"]
[BlackElo "2037"]
[PlyCount "100"]
[EventDate "2013.??.??"]
[EventType "team-tourn"]
[EventRounds "9"]
[EventCountry "GER"]
[SourceDate "2013.10.20"]
[WhiteTeam "SSC Rostock 07 II"]
[BlackTeam "SF Schwerin II"]
[WhiteTeamCountry "GER"]
[BlackTeamCountry "GER"]

1. e4 d5 2. exd5 Qxd5 3. Nc3 Qa5 4. d4 c6 5. Nf3 Bf5 6. Be2 e6 7. O-O Nf6 8.
Bf4 Be7 9. Ne5 h6 10. Bd3 Bxd3 11. Qxd3 O-O 12. Ne4 Rd8 13. Nxf6+ Bxf6 14. Qb3
Qb6 15. Qxb6 axb6 16. c3 b5 17. a3 Bxe5 18. Bxe5 Nd7 19. Rad1 Re8 20. Rd3 f6
21. Bf4 Nb6 22. Re1 Kf7 23. h4 Nd5 24. Bc1 Rad8 25. Rf3 h5 26. Re5 g6 27. Re1
Rd7 28. b3 Ne7 29. g3 Nf5 30. Bf4 Ra8 31. Bc1 b6 32. Rf4 c5 33. Bb2 cxd4 34.
cxd4 Rc8 35. Re2 Rc6 36. Rfe4 Rd5 37. Kg2 Ke7 38. f4 Kd7 39. Rd2 Rcd6 40. Bc3
Rc6 41. Bb2 Nd6 42. Ree2 f5 43. Rc2 Rxc2 44. Rxc2 Ne4 45. Kf3 Rd6 46. a4 Rc6
47. Re2 bxa4 48. bxa4 Rc4 49. Ke3 Rxa4 50. Kd3 Rb4 0-1

[Event "Verbandsliga MVP 2013-14"]
[Site "MVP"]
[Date "2013.11.10"]
[Round "2.7"]
[White "Kunze, Kerstin"]
[Black "Schumann, Rabea"]
[Result "1-0"]
[WhiteElo "2045"]
[BlackElo "1687"]
[PlyCount "113"]
[EventDate "2013.??.??"]
[EventType "team-tourn"]
[EventRounds "9"]
[EventCountry "GER"]
[SourceDate "2013.10.20"]
[WhiteTeam "SF Schwerin II"]
[BlackTeam "SSC Rostock 07 II"]
[WhiteTeamCountry "GER"]
[BlackTeamCountry "GER"]

1. e4 c5 2. Nf3 Nc6 3. Bb5 Nd4 4. Nxd4 cxd4 5. O-O g6 6. c3 Qb6 7. Bc4 Bg7 8.
d3 d6 9. cxd4 Bxd4 10. Nc3 Bd7 11. Nd5 Qd8 12. Be3 Bg7 13. Qb3 e6 14. Nc3 Bc6
15. d4 b6 16. d5 exd5 17. exd5 Bb7 18. Qa4+ Kf8 19. Bf4 Nf6 20. Qa3 Kg8 21.
Bxd6 Bf8 22. Bxf8 Qxf8 23. Qb3 Kg7 24. Rad1 Qc5 25. Be2 Rad8 26. Bf3 Rd7 27.
Rd2 Rhd8 28. Rfd1 h6 29. h3 Ba8 30. Rd4 Bb7 31. a3 Ba8 32. R4d3 Bb7 33. Ne4
Nxe4 34. Bxe4 Ba8 35. Qa2 Bb7 36. b4 Qb5 37. Qb2+ Kg8 38. Qd2 Kg7 39. h4 h5 40.
Qg5 Qc4 41. Qe5+ Kg8 42. g3 Ba8 43. Bf3 Bb7 44. Qg5 Kg7 45. Qe5+ Kg8 46. Rd4
Qb5 47. Be2 Qa4 48. Bxh5 Rd6 49. Bg4 Qxa3 50. h5 f6 51. Be6+ Kg7 52. h6+ Kxh6
53. Qxf6 Qxb4 54. Rxb4 Rxd5 55. Rh4+ Rh5 56. Rxh5+ Kxh5 57. Qh4# 1-0

[Event "Verbandsliga MVP 2013-14"]
[Site "MVP"]
[Date "2013.11.10"]
[Round "2.8"]
[White "Fiss, Daniel"]
[Black "Hanisch, Sebastian"]
[Result "1/2-1/2"]
[WhiteElo "1690"]
[BlackElo "2045"]
[PlyCount "132"]
[EventDate "2013.??.??"]
[EventType "team-tourn"]
[EventRounds "9"]
[EventCountry "GER"]
[SourceDate "2013.10.20"]
[WhiteTeam "SSC Rostock 07 II"]
[BlackTeam "SF Schwerin II"]
[WhiteTeamCountry "GER"]
[BlackTeamCountry "GER"]

1. d4 e6 2. Nf3 f5 3. c4 Nf6 4. g3 c6 5. Bg2 d5 6. Qc2 Bd6 7. Bg5 O-O 8. cxd5
exd5 9. Nc3 Qe8 10. O-O Ne4 11. Bc1 Nd7 12. Ng5 Ndf6 13. Ngxe4 fxe4 14. f3 exf3
15. exf3 Qh5 16. Ne2 g5 17. Be3 Ne8 18. Qd2 h6 19. Rae1 Ng7 20. f4 g4 21. Nc1
Bf5 22. Nd3 Bxd3 23. Qxd3 Nf5 24. Bd2 Qf7 25. Re2 Rae8 26. Rfe1 Rxe2 27. Rxe2
h5 28. Be1 Qf6 29. Bf2 Bc7 30. Qd1 Rf7 31. b4 a6 32. a4 Re7 33. Rxe7 Qxe7 34.
Qd3 Qf6 35. b5 axb5 36. axb5 Bb6 37. Qe2 Kf7 38. Qe5 Kg6 39. Qe8+ Qf7 40. Qe5
Bd8 41. Qb8 Bf6 42. bxc6 bxc6 43. Qb6 Qe6 44. Bf1 h4 45. Bd3 Kh5 46. Qb7 Ne7
47. Qb1 h3 48. Kf1 Kh6 49. Qd1 Nf5 50. Be2 Ne3+ 51. Bxe3 Qxe3 52. Qd3 Qxd3 53.
Bxd3 Bxd4 54. Bf5 Kh5 55. Bd7 c5 56. Be6 c4 57. Bxd5 c3 58. Be4 Kh6 59. Bf5 Kh5
60. Be4 Be3 61. Bf5 Bc5 62. Be4 Bb4 63. Ke2 Ba3 64. Bf5 Bc5 65. Kf1 Be3 66. Be4
Kh6 1/2-1/2

[Event "Verbandsliga MVP 2013-14"]
[Site "MVP"]
[Date "2013.11.10"]
[Round "2.1"]
[White "Dettmann, Gerd"]
[Black "Schinke, Andreas"]
[Result "1-0"]
[WhiteElo "2088"]
[BlackElo "2061"]
[PlyCount "57"]
[EventDate "2013.??.??"]
[EventType "team-tourn"]
[EventRounds "9"]
[EventCountry "GER"]
[SourceDate "2013.10.20"]
[WhiteTeam "SG Güstrow/Teterow"]
[BlackTeam "SV Blau-Weiß Grevesmühlen"]
[WhiteTeamCountry "GER"]
[BlackTeamCountry "GER"]

1. e4 c6 2. d4 d5 3. exd5 cxd5 4. Nf3 Nf6 5. Ne5 Nc6 6. c3 Nxe5 7. dxe5 Nd7 8.
Qxd5 e6 9. Qe4 g5 10. Nd2 Bg7 11. Nc4 h6 12. Be3 Qc7 13. f4 gxf4 14. Nd6+ Kf8
15. Bxf4 Nc5 16. Qf3 Na4 17. O-O-O Bd7 18. Qxb7 Qxb7 19. Nxb7 Ke7 20. Nd6 Rab8
21. Rd2 f6 22. Nc4 f5 23. Nd6 Rb6 24. Be3 Rbb8 25. Bxa7 Ra8 26. Bd4 h5 27. Be3
Bxe5 28. Bg5+ Kf8 29. Nc4 1-0

[Event "Verbandsliga MVP 2013-14"]
[Site "MVP"]
[Date "2013.11.10"]
[Round "2.2"]
[White "Boehme, Andy"]
[Black "Luther, Alexander"]
[Result "1-0"]
[WhiteElo "1995"]
[BlackElo "1907"]
[PlyCount "69"]
[EventDate "2013.??.??"]
[EventType "team-tourn"]
[EventRounds "9"]
[EventCountry "GER"]
[SourceDate "2013.10.20"]
[WhiteTeam "SV Blau-Weiß Grevesmühlen"]
[BlackTeam "SG Güstrow/Teterow"]
[WhiteTeamCountry "GER"]
[BlackTeamCountry "GER"]

1. Nf3 d5 2. c4 Nf6 3. e3 g6 4. Nc3 Bg7 5. d4 O-O 6. Ne5 c6 7. Qb3 e6 8. Be2
Nbd7 9. f4 Qc7 10. Bd2 b6 11. Rc1 c5 12. Nb5 Qb7 13. Bf3 Ne4 14. Bxe4 dxe4 15.
O-O f6 16. Nd6 Qc7 17. Nxd7 Qxd7 18. dxc5 bxc5 19. Nxc8 Raxc8 20. Rfd1 Qc7 21.
Qc2 f5 22. Bc3 Rcd8 23. a3 e5 24. g3 exf4 25. gxf4 Bxc3 26. Qxc3 Rd6 27. Rd5
Rfd8 28. Rcd1 Qc6 29. Qe5 Rxd5 30. Rxd5 Rxd5 31. cxd5 Qb6 32. d6 c4 33. Kf2 Qb3
34. d7 Qd1 35. Qd4 1-0

[Event "Verbandsliga MVP 2013-14"]
[Site "MVP"]
[Date "2013.11.10"]
[Round "2.3"]
[White "Dettmann, Holger"]
[Black "Kross, Gunnar"]
[Result "1-0"]
[WhiteElo "1896"]
[BlackElo "1972"]
[PlyCount "91"]
[EventDate "2013.??.??"]
[EventType "team-tourn"]
[EventRounds "9"]
[EventCountry "GER"]
[SourceDate "2013.10.20"]
[WhiteTeam "SG Güstrow/Teterow"]
[BlackTeam "SV Blau-Weiß Grevesmühlen"]
[WhiteTeamCountry "GER"]
[BlackTeamCountry "GER"]

1. d4 Nf6 2. Nc3 d5 3. Bf4 c6 4. Qd2 Bf5 5. f3 e6 6. g4 Bg6 7. e3 Nbd7 8. Bd3
Bb4 9. Nge2 a6 10. h4 Qe7 11. O-O-O Bxd3 12. cxd3 c5 13. Kb1 e5 14. dxe5 Nxe5
15. Bxe5 Qxe5 16. d4 cxd4 17. Qxd4 Qxd4 18. Rxd4 Bc5 19. Rd3 O-O-O 20. g5 Nd7
21. Nxd5 Ne5 22. Rc3 Rxd5 23. e4 Rd2 24. Rxc5+ Nc6 25. Nc3 Rf2 26. Nd5 Re8 27.
Rc3 Kb8 28. a3 Ne5 29. Rh3 Rc8 30. Rxc8+ Kxc8 31. f4 Nc6 32. h5 Re2 33. h6 gxh6
34. Rxh6 Rxe4 35. Rxh7 Nd8 36. Kc2 Rd4 37. Ne7+ Kd7 38. g6 Ne6 39. Rxf7 Rc4+
40. Kb3 Rxf4 41. Rxf4 Kxe7 42. Rf7+ Ke8 43. Kc4 Nd8 44. Rh7 Nc6 45. Rh8+ Ke7
46. g7 1-0

[Event "Verbandsliga MVP 2013-14"]
[Site "MVP"]
[Date "2013.11.10"]
[Round "2.4"]
[White "Naujok, Joerg"]
[Black "Fidorra, Thomas"]
[Result "1-0"]
[WhiteElo "1931"]
[BlackElo "1847"]
[PlyCount "105"]
[EventDate "2013.??.??"]
[EventType "team-tourn"]
[EventRounds "9"]
[EventCountry "GER"]
[SourceDate "2013.10.20"]
[WhiteTeam "SV Blau-Weiß Grevesmühlen"]
[BlackTeam "SG Güstrow/Teterow"]
[WhiteTeamCountry "GER"]
[BlackTeamCountry "GER"]

1. g3 e5 2. d3 Nf6 3. Nf3 d6 4. Bg2 c6 5. O-O Qc7 6. c4 Be7 7. b3 Bg4 8. Nbd2
Nbd7 9. Bb2 a5 10. Nh4 Nh5 11. h3 Be6 12. e3 Bxh4 13. Qxh5 Be7 14. f4 g6 15.
Qe2 O-O-O 16. d4 f5 17. d5 Bf7 18. dxc6 bxc6 19. a3 Bf6 20. b4 e4 21. Bxf6 Nxf6
22. Nb3 a4 23. Nd4 Nd7 24. Rfc1 Nb8 25. c5 dxc5 26. Rxc5 Rxd4 27. exd4 Rd8 28.
b5 Rxd4 29. Rac1 Qa5 30. bxc6 Qb6 31. Kh2 Rd3 32. R5c3 Rxc3 33. Rxc3 Kc7 34.
Bf1 Bd5 35. Qb5 Nxc6 36. Qxa4 Qf2+ 37. Bg2 Kd7 38. Qb5 Qd2 39. Rc5 Kd6 40. Qb6
Qa2 41. Rc3 Bc4 42. Rc1 Qb3 43. Qxb3 Bxb3 44. Rc3 Ba4 45. Kg1 Kd5 46. Bf1 Bd1
47. Kf2 h6 48. Ke3 g5 49. Bb5 Ne7 50. a4 gxf4+ 51. gxf4 Kd6 52. Kd4 Ng8 53. a5
1-0

[Event "Verbandsliga MVP 2013-14"]
[Site "MVP"]
[Date "2013.11.10"]
[Round "2.5"]
[White "Ramp, Oliver"]
[Black "Stiegler, Maik"]
[Result "1-0"]
[WhiteElo "1808"]
[BlackElo "1897"]
[PlyCount "110"]
[EventDate "2013.??.??"]
[EventType "team-tourn"]
[EventRounds "9"]
[EventCountry "GER"]
[SourceDate "2013.10.20"]
[WhiteTeam "SG Güstrow/Teterow"]
[BlackTeam "SV Blau-Weiß Grevesmühlen"]
[WhiteTeamCountry "GER"]
[BlackTeamCountry "GER"]

1. e4 c5 2. Nf3 Nc6 3. d4 cxd4 4. Nxd4 d6 5. Nc3 Nf6 6. Be3 g6 7. f3 Bg7 8. Qd2
Bd7 9. Nxc6 bxc6 10. Bh6 O-O 11. h4 Rb8 12. h5 Rxb2 13. hxg6 fxg6 14. Bc4+ e6
15. Bxg7 Kxg7 16. Bb3 Qa5 17. Na4 Qxd2+ 18. Kxd2 Rxb3 19. axb3 Rf7 20. Nb2 Bc8
21. Nc4 Rd7 22. Rhd1 d5 23. Ne5 Rc7 24. Ke3 a6 25. Ra5 c5 26. Nd3 c4 27. Rc5
Rxc5 28. Nxc5 cxb3 29. cxb3 Kf7 30. Ra1 dxe4 31. fxe4 Ng4+ 32. Kf4 e5+ 33. Kf3
h5 34. Nxa6 Bd7 35. Nc5 Bb5 36. Ra7+ Kf6 37. Rb7 Bf1 38. Rb6+ Kg5 39. g3 Bh3
40. Ne6+ Kh6 41. Nf8 Kg7 42. Nxg6 Nh2+ 43. Ke2 Bg4+ 44. Kf2 Nf3 45. b4 Nd2 46.
Nxe5 Nxe4+ 47. Ke3 Nxg3 48. Nxg4 hxg4 49. Kf4 Ne2+ 50. Kxg4 Kf7 51. Kf5 Nc3 52.
Ke5 Ke7 53. Rb7+ Kd8 54. Kd6 Ne4+ 55. Kc6 Nc3 1-0

[Event "Verbandsliga MVP 2013-14"]
[Site "MVP"]
[Date "2013.11.10"]
[Round "2.6"]
[White "Wecke, Thoralf"]
[Black "Ebert, Lutz"]
[Result "1/2-1/2"]
[WhiteElo "1948"]
[BlackElo "1758"]
[PlyCount "29"]
[EventDate "2013.??.??"]
[EventType "team-tourn"]
[EventRounds "9"]
[EventCountry "GER"]
[SourceDate "2013.10.20"]
[WhiteTeam "SV Blau-Weiß Grevesmühlen"]
[BlackTeam "SG Güstrow/Teterow"]
[WhiteTeamCountry "GER"]
[BlackTeamCountry "GER"]

1. d4 c5 2. dxc5 Qa5+ 3. Nc3 Nf6 4. Qd3 a6 5. Bd2 Qxc5 6. e4 Nc6 7. Qe3 e6 8.
f3 Qxe3+ 9. Bxe3 Bb4 10. Bd2 O-O 11. O-O-O b5 12. Nge2 Bb7 13. Bg5 Rfd8 14. Nb1
Be7 15. Be3 1/2-1/2

[Event "Verbandsliga MVP 2013-14"]
[Site "MVP"]
[Date "2013.11.10"]
[Round "2.7"]
[White "Armbruester, Clemens"]
[Black "Gareis, Roberto"]
[Result "1/2-1/2"]
[WhiteElo "1682"]
[BlackElo "1869"]
[PlyCount "69"]
[EventDate "2013.??.??"]
[EventType "team-tourn"]
[EventRounds "9"]
[EventCountry "GER"]
[SourceDate "2013.10.20"]
[WhiteTeam "SG Güstrow/Teterow"]
[BlackTeam "SV Blau-Weiß Grevesmühlen"]
[WhiteTeamCountry "GER"]
[BlackTeamCountry "GER"]

1. d4 d5 2. c4 e6 3. Nc3 Nf6 4. Nf3 Nbd7 5. e3 Be7 6. Bd3 O-O 7. O-O a6 8. b3
c6 9. a4 Re8 10. Ba3 Bxa3 11. Rxa3 Qe7 12. Ra2 e5 13. dxe5 Nxe5 14. cxd5 cxd5
15. Be2 Rd8 16. Rd2 Nxf3+ 17. Bxf3 Be6 18. Rd4 Rac8 19. Nxd5 Nxd5 20. Bxd5 Bxd5
21. Rxd5 Rxd5 22. Qxd5 Rd8 23. Qc4 Qd7 24. Rc1 h6 25. Kf1 b5 26. Qc2 Qd5 27.
axb5 axb5 28. b4 Qd6 29. h3 Qxb4 30. Rb1 Qa5 31. Qc5 Rd2 32. Qxb5 Qa2 33. Qe8+
Kh7 34. Qe4+ g6 35. f4 1/2-1/2

[Event "Verbandsliga MVP 2013-14"]
[Site "MVP"]
[Date "2013.11.10"]
[Round "2.1"]
[White "Ispirjan, Mikael"]
[Black "Hornych, Christoph"]
[Result "1/2-1/2"]
[WhiteElo "1952"]
[BlackElo "2061"]
[PlyCount "65"]
[EventDate "2013.??.??"]
[EventType "team-tourn"]
[EventRounds "9"]
[EventCountry "GER"]
[SourceDate "2013.10.20"]
[WhiteTeam "SAV Torgelow-Drögeheide 90"]
[BlackTeam "SF Ostsee Warnemünde"]
[WhiteTeamCountry "GER"]
[BlackTeamCountry "GER"]

1. e4 c6 2. d4 d5 3. exd5 cxd5 4. c4 Nf6 5. Nc3 Nc6 6. Bg5 dxc4 7. d5 Ne5 8.
Qd4 h6 9. Bh4 Ng6 10. Bg3 e6 11. Bxc4 exd5 12. Bxd5 Nxd5 13. Qxd5 Be7 14. Nf3
O-O 15. O-O Qb6 16. Qb5 Qxb5 17. Nxb5 Bg4 18. Nbd4 Rac8 19. Rac1 Bf6 20. b3
Rfd8 21. Rxc8 Rxc8 22. h3 Bxf3 23. Nxf3 Rc2 24. a3 Rb2 25. b4 Ra2 26. Rc1 Rxa3
27. Rc8+ Kh7 28. Rc7 b5 29. Rxf7 a5 30. bxa5 Ra1+ 31. Kh2 Rxa5 32. Rb7 Bc3 33.
Bc7 1/2-1/2

[Event "Verbandsliga MVP 2013-14"]
[Site "MVP"]
[Date "2013.11.10"]
[Round "2.2"]
[White "Schumacher, Dirk"]
[Black "Zentgraf, Robert"]
[Result "0-1"]
[WhiteElo "2000"]
[BlackElo "2076"]
[PlyCount "74"]
[EventDate "2013.??.??"]
[EventType "team-tourn"]
[EventRounds "9"]
[EventCountry "GER"]
[SourceDate "2013.10.20"]
[WhiteTeam "SF Ostsee Warnemünde"]
[BlackTeam "SAV Torgelow-Drögeheide 90"]
[WhiteTeamCountry "GER"]
[BlackTeamCountry "GER"]

1. b4 e5 2. Bb2 Bxb4 3. Bxe5 Nf6 4. Nf3 O-O 5. e3 Re8 6. Bb2 d5 7. Be2 c5 8.
O-O Nc6 9. d4 c4 10. Ne5 Bd6 11. Nd2 Qa5 12. Rb1 Qc7 13. f4 Ne7 14. Bc3 Nd7 15.
e4 Nb6 16. f5 f6 17. Ng4 Na4 18. Rf3 dxe4 19. Nxe4 Bxf5 20. Nxd6 Qxd6 21. Bb4
Qd7 22. Bxc4+ Kh8 23. Ne3 Bg6 24. Qd2 Nb6 25. Bb3 Rad8 26. Rd1 Ned5 27. Ba3 Bh5
28. Nxd5 Nxd5 29. Rdf1 Bxf3 30. Rxf3 b5 31. Qd3 b4 32. Bb2 Nc3 33. d5 Re1+ 34.
Kf2 Rde8 35. Bxc3 bxc3 36. Qxc3 R1e2+ 37. Kg1 Qg4 0-1

[Event "Verbandsliga MVP 2013-14"]
[Site "MVP"]
[Date "2013.11.10"]
[Round "2.3"]
[White "Onasch, Paul"]
[Black "Ruesch, Hans Joachim"]
[Result "1/2-1/2"]
[WhiteElo "2000"]
[BlackElo "1984"]
[PlyCount "31"]
[EventDate "2013.??.??"]
[EventType "team-tourn"]
[EventRounds "9"]
[EventCountry "GER"]
[SourceDate "2013.10.20"]
[WhiteTeam "SAV Torgelow-Drögeheide 90"]
[BlackTeam "SF Ostsee Warnemünde"]
[WhiteTeamCountry "GER"]
[BlackTeamCountry "GER"]

1. d4 g6 2. e4 Bg7 3. Nf3 c6 4. c3 d5 5. Bd3 dxe4 6. Bxe4 Nf6 7. Bd3 Bg4 8. h3
Bxf3 9. Qxf3 O-O 10. O-O Nbd7 11. Bf4 Nd5 12. Bc4 Nxf4 13. Qxf4 e5 14. dxe5
Nxe5 15. Na3 Qf6 16. Qxf6 1/2-1/2

[Event "Verbandsliga MVP 2013-14"]
[Site "MVP"]
[Date "2013.11.10"]
[Round "2.4"]
[White "Hamann, Dirk"]
[Black "Schmekel, Florian"]
[Result "1-0"]
[WhiteElo "1878"]
[BlackElo "1778"]
[PlyCount "69"]
[EventDate "2013.??.??"]
[EventType "team-tourn"]
[EventRounds "9"]
[EventCountry "GER"]
[SourceDate "2013.10.20"]
[WhiteTeam "SF Ostsee Warnemünde"]
[BlackTeam "SAV Torgelow-Drögeheide 90"]
[WhiteTeamCountry "GER"]
[BlackTeamCountry "GER"]

1. e4 c5 2. Nf3 Nc6 3. d4 cxd4 4. Nxd4 g6 5. Nc3 Bg7 6. Be3 Nf6 7. Qd2 Ng4 8.
Nxc6 bxc6 9. Bd4 O-O 10. Bxg7 Kxg7 11. Be2 d6 12. O-O Nf6 13. Rfd1 Be6 14. Bf3
Qc7 15. Qd4 Rab8 16. b3 Qa5 17. a3 Rfc8 18. g3 d5 19. b4 Qc7 20. Na4 dxe4 21.
Bxe4 Bd5 22. Bxd5 cxd5 23. Nc5 Ra8 24. Re1 a5 25. c3 Kg8 26. Re3 Qd6 27. Rae1
Rc7 28. Re5 axb4 29. axb4 Rac8 30. h3 Nd7 31. Rxe7 Nxc5 32. Re8+ Qf8 33. Rxf8+
Rxf8 34. bxc5 Rfc8 35. Re5 1-0

[Event "Verbandsliga MVP 2013-14"]
[Site "MVP"]
[Date "2013.11.10"]
[Round "2.5"]
[White "Lehmann, Ruben"]
[Black "Wolke, Heiko"]
[Result "1-0"]
[WhiteElo "1875"]
[BlackElo "1910"]
[PlyCount "55"]
[EventDate "2013.??.??"]
[EventType "team-tourn"]
[EventRounds "9"]
[EventCountry "GER"]
[SourceDate "2013.10.20"]
[WhiteTeam "SAV Torgelow-Drögeheide 90"]
[BlackTeam "SF Ostsee Warnemünde"]
[WhiteTeamCountry "GER"]
[BlackTeamCountry "GER"]

1. d4 c5 2. d5 e6 3. c4 exd5 4. cxd5 d6 5. Nc3 Nf6 6. e4 Be7 7. Bd3 O-O 8. h3
a6 9. a4 Nbd7 10. Nf3 Rb8 11. O-O b5 12. axb5 axb5 13. Nxb5 Nxe4 14. Na7 f5 15.
Nc6 Qe8 16. Nxb8 Nxb8 17. Re1 Qg6 18. Qc2 Bf6 19. Bf4 Re8 20. Nd2 Nxd2 21. Bxd2
Rf8 22. Bf4 Bd4 23. Rac1 Qf6 24. b4 Qh4 25. Bxd6 Na6 26. Bxa6 Bxa6 27. Bxf8 f4
28. Bxc5 1-0

[Event "Verbandsliga MVP 2013-14"]
[Site "MVP"]
[Date "2013.11.10"]
[Round "2.6"]
[White "Birnbaum, Wolf Dieter"]
[Black "Bauer, Norbert"]
[Result "1-0"]
[WhiteElo "1828"]
[BlackElo "1924"]
[PlyCount "69"]
[EventDate "2013.??.??"]
[EventType "team-tourn"]
[EventRounds "9"]
[EventCountry "GER"]
[SourceDate "2013.10.20"]
[WhiteTeam "SF Ostsee Warnemünde"]
[BlackTeam "SAV Torgelow-Drögeheide 90"]
[WhiteTeamCountry "GER"]
[BlackTeamCountry "GER"]

1. Nf3 Nf6 2. g3 b6 3. Bg2 Bb7 4. b3 c5 5. O-O e6 6. Bb2 Be7 7. c4 O-O 8. Nc3
d6 9. e3 Nbd7 10. d4 cxd4 11. exd4 a6 12. Rc1 Rc8 13. Qd2 Qc7 14. Rfe1 Rfe8 15.
d5 e5 16. Ng5 h6 17. Nf3 Nh7 18. Re2 Ng5 19. Rce1 Nxf3+ 20. Bxf3 Bg5 21. Qd1
Rf8 22. Be4 Rcd8 23. h4 Be7 24. Bf5 g6 25. Bb1 f5 26. f4 h5 27. Rg2 e4 28. Nxe4
fxe4 29. Bxe4 Bf6 30. Bxg6 Bxb2 31. Re7 Qc5+ 32. Kh2 Bg7 33. Qxh5 Nf6 34. Qg5
Bxd5 35. Bh7+ 1-0

[Event "Verbandsliga MVP 2013-14"]
[Site "MVP"]
[Date "2013.11.10"]
[Round "2.7"]
[White "Ehlers, Michael"]
[Black "Vladov, Mark"]
[Result "1-0"]
[WhiteElo "1882"]
[BlackElo "1617"]
[PlyCount "119"]
[EventDate "2013.??.??"]
[EventType "team-tourn"]
[EventRounds "9"]
[EventCountry "GER"]
[SourceDate "2013.10.20"]
[WhiteTeam "SAV Torgelow-Drögeheide 90"]
[BlackTeam "SF Ostsee Warnemünde"]
[WhiteTeamCountry "GER"]
[BlackTeamCountry "GER"]

1. e4 d6 2. d4 Nf6 3. Nc3 g6 4. Nf3 Bg7 5. Be2 O-O 6. Bf4 a6 7. O-O Nbd7 8. Qd2
Re8 9. e5 dxe5 10. dxe5 Ng4 11. e6 fxe6 12. Ng5 Ndf6 13. Qxd8 Rxd8 14. Rad1 Rf8
15. Bc4 Kh8 16. Bxc7 Nd5 17. Nxd5 exd5 18. Bxd5 h6 19. Ne6 Bxe6 20. Bxe6 Ne5
21. Rfe1 Nc6 22. c3 Bf6 23. Bb6 a5 24. Rd7 Rab8 25. Bb3 Ne5 26. Rd5 Nc6 27. g3
Ra8 28. Ba4 Ra6 29. Be3 g5 30. Bb5 Raa8 31. Bb6 a4 32. a3 Rfc8 33. Kg2 Na5 34.
Re4 Nc6 35. Bxa4 Ra6 36. Be3 Na5 37. Bb5 Raa8 38. Bb6 Nc6 39. a4 Kg7 40. Rd7
Rab8 41. Bc7 Ra8 42. f4 g4 43. f5 h5 44. Bf4 Na5 45. Bd6 Kh6 46. Bxe7 Kg5 47.
Bxf6+ Kxf6 48. Rd5 Rd8 49. Re6+ Kf7 50. Red6 Rxd6 51. Rxd6 Rc8 52. Bd7 Rd8 53.
Be6+ Ke7 54. Rxd8 Kxd8 55. f6 Ke8 56. h3 gxh3+ 57. Kxh3 Nc6 58. Kh4 Nd8 59. Bd5
b6 60. Kxh5 1-0

[Event "Verbandsliga MVP 2013-14"]
[Site "MVP"]
[Date "2013.11.10"]
[Round "2.8"]
[White "Boecking, Uwe"]
[Black "Massloch, Philipp"]
[Result "1-0"]
[WhiteElo "1749"]
[BlackElo "1648"]
[PlyCount "89"]
[EventDate "2013.??.??"]
[EventType "team-tourn"]
[EventRounds "9"]
[EventCountry "GER"]
[SourceDate "2013.10.20"]
[WhiteTeam "SF Ostsee Warnemünde"]
[BlackTeam "SAV Torgelow-Drögeheide 90"]
[WhiteTeamCountry "GER"]
[BlackTeamCountry "GER"]

1. e4 c5 2. Nf3 Nc6 3. d4 cxd4 4. Nxd4 Nf6 5. Nc3 e5 6. Ndb5 d6 7. Bg5 a6 8.
Na3 b5 9. Nd5 Be7 10. Bxf6 Bxf6 11. c3 O-O 12. Nc2 Bg5 13. Be2 Ne7 14. Nce3 f5
15. Nxe7+ Qxe7 16. Nxf5 Bxf5 17. exf5 Kh8 18. Qd5 Qa7 19. Bf3 Rad8 20. h4 Bf4
21. g3 Bh6 22. g4 Bf4 23. Be4 Qb6 24. Rd1 b4 25. Qb3 a5 26. c4 Qc7 27. Qd3 Qb6
28. O-O h6 29. Kg2 Qc7 30. Qf3 Qe7 31. Rh1 Qc7 32. b3 Qa7 33. Rd5 Rd7 34. Rhd1
Rfd8 35. Qd3 Qb6 36. c5 Qc7 37. cxd6 Qb6 38. Qc4 Qa7 39. Qc5 Qxc5 40. Rxc5 Ra7
41. d7 Raxd7 42. Rxd7 Rxd7 43. Rc8+ Kh7 44. f6+ g6 45. h5 1-0

[Event "Verbandsliga MVP 2013-14"]
[Site "MVP"]
[Date "2013.11.10"]
[Round "2.1"]
[White "Schwetlick, Thomas"]
[Black "Hasselmann, Dieter"]
[Result "0-1"]
[WhiteElo "1846"]
[BlackElo "2030"]
[PlyCount "64"]
[EventDate "2013.??.??"]
[EventType "team-tourn"]
[EventRounds "9"]
[EventCountry "GER"]
[SourceDate "2013.10.20"]
[WhiteTeam "HSG Uni Rostock"]
[BlackTeam "SF Schwerin III"]
[WhiteTeamCountry "GER"]
[BlackTeamCountry "GER"]

1. e4 e5 2. Nf3 Nc6 3. Bb5 Nf6 4. d3 Bc5 5. O-O d6 6. c3 O-O 7. Nbd2 a6 8. Ba4
b5 9. Bc2 d5 10. exd5 Qxd5 11. Qe2 Bg4 12. Ne4 Nxe4 13. dxe4 Qe6 14. Be3 Bxe3
15. Qxe3 Na5 16. Nd2 Rfd8 17. b4 Qd6 18. Nb3 Nc4 19. Qg3 Bh5 20. Qg5 Be2 21.
Rfe1 h6 22. Qh4 Na3 23. Rxe2 Nxc2 24. Rf1 Qd1 25. Nd4 Rxd4 26. Rxc2 Qxc2 27.
cxd4 exd4 28. e5 d3 29. Qd4 d2 30. g3 a5 31. e6 fxe6 32. Qg4 Qxa2 0-1

[Event "Verbandsliga MVP 2013-14"]
[Site "MVP"]
[Date "2013.11.10"]
[Round "2.2"]
[White "Helms, Sven"]
[Black "Moeller, Peter"]
[Result "0-1"]
[WhiteElo "1907"]
[BlackElo "1965"]
[PlyCount "80"]
[EventDate "2013.??.??"]
[EventType "team-tourn"]
[EventRounds "9"]
[EventCountry "GER"]
[SourceDate "2013.10.20"]
[WhiteTeam "SF Schwerin III"]
[BlackTeam "HSG Uni Rostock"]
[WhiteTeamCountry "GER"]
[BlackTeamCountry "GER"]

1. e4 c6 2. d4 d5 3. Nc3 g6 4. h3 Bg7 5. Nf3 Nh6 6. e5 O-O 7. Bf4 f6 8. Qd2 Nf7
9. exf6 exf6 10. O-O-O b5 11. Bd3 Nd7 12. g4 Nb6 13. Rhe1 b4 14. Nb1 a5 15. Qe2
Ra7 16. c3 Nd6 17. Qc2 bxc3 18. Nxc3 Rff7 19. Na4 Nxa4 20. Qxa4 Bf8 21. Kb1 Qb6
22. Qc2 Ne4 23. Bxe4 dxe4 24. Rxe4 f5 25. Re8 fxg4 26. Rxc8 Rxf4 27. Qc4+ Kg7
28. Ng5 Re7 29. Rxc6 Qb8 30. Ne6+ Rxe6 31. Qxe6 Rxf2 32. Qe5+ Qxe5 33. dxe5 g3
34. Rc7+ Kg8 35. e6 g2 36. Rf7 Re2 37. Rg1 Bc5 38. Rxg2 Rxg2 39. Rc7 Bd6 40.
Rd7 Bc5 0-1